Central Library OPAC University of Rajshahi

ষোড়শ পাতায় বসতি / (Record no. 49140)

MARC details
000 -LEADER
fixed length control field 00841nam a2200229 a 4500
001 - CONTROL NUMBER
control field 49140
003 - CONTROL NUMBER IDENTIFIER
rucl marc code BD-RjUL
005 - DATE AND TIME OF LATEST TRANSACTION
control field 20211209054635.0
008 - FIXED-LENGTH DATA ELEMENTS--GENERAL INFORMATION
fixed length control field 160817s2004 BG a|||| |||| 00| 0 ben d
020 ## - INTERNATIONAL STANDARD BOOK NUMBER
Terms of availability :TK. 175.00
035 ## - SYSTEM CONTROL NUMBER
System control number (BD-RjUL)49259
040 ## - CATALOGING SOURCE
Original cataloging agency BD-RjUL
Language of cataloging ben
Transcribing agency BD-RjUL
041 ## - LANGUAGE CODE
Language code of text/sound track or separate title ben
082 ## - DEWEY DECIMAL CLASSIFICATION NUMBER
Edition number 23
Classification number 891.44308
Author mark and year SHO 2004
245 00 - TITLE STATEMENT
Title ষোড়শ পাতায় বসতি /
Statement of responsibility, etc. সম্পাদনায় ফজলুল হক
260 ## - PUBLICATION, DISTRIBUTION, ETC. (IMPRINT)
Place of publication, distribution, etc. রাজশাহী :
Name of publisher, distributor, etc. স্বাগতম নস্কার,
Date of publication, distribution, etc. ২০০৪
300 ## - PHYSICAL DESCRIPTION
Pagination ২৯৬ পৃ. ;
Size ২১ সেমি.
650 ## - SUBJECT ADDED ENTRY--TOPICAL TERM
Topical term or geographic name as entry element বাংলা উপন্যাস
9 (RLIN) 147674
General subdivision সংগ্রহ
Topical term or geographic name as entry element Bengali Fiction
9 (RLIN) 147702
General subdivision Collection
700 ## - ADDED ENTRY--PERSONAL NAME
Personal name হক, ফজলুল, সম্পাদক
942 ## - ADDED ENTRY ELEMENTS (KOHA)
Source of classification or shelving scheme Dewey Decimal Classification
Koha item type Books
Holdings
Lost status Source of classification or shelving scheme Damaged status Not for loan Collection code Permanent Location Current Location Shelving location Date acquired Source of acquisition Cost, normal purchase price Total Checkouts Full call number Date last seen Copy number Koha item type
  Dewey Decimal Classification     Fiction Central Library, University of Rajshahi Central Library, University of Rajshahi   13/01/2011 Author 175.00   B 891.44308 SHO 2004 17/08/2016 C-2 Books
  Dewey Decimal Classification     Fiction Central Library, University of Rajshahi Central Library, University of Rajshahi   13/01/2011 Author 175.00   B 891.44308 SHO 2004 17/08/2016 C-3 Books
  Dewey Decimal Classification     Fiction Central Library, University of Rajshahi Central Library, University of Rajshahi   13/01/2011 Author 175.00   B 891.44308 SHO 2004 31/08/2016 C-4 Books
  Dewey Decimal Classification     Fiction Central Library, University of Rajshahi Central Library, University of Rajshahi   13/01/2011 Author 175.00   B 891.44308 SHO 2004 31/08/2016 C-5 Books
  Dewey Decimal Classification     Fiction Central Library, University of Rajshahi Central Library, University of Rajshahi   13/01/2011 Author 175.00   B 891.44308 SHO 2004 31/08/2016 C-6 Books